| 000 | 01213nam a2200289 u 4500 | ||
|---|---|---|---|
| 005 | 20251022095518.0 | ||
| 008 | 191119s2017 mx ab r 000 0 spa d | ||
| 020 | _a9786074174489 (Universidad Iberoamericana, A.C.) | ||
| 020 | _a9786078500246 (El Colegio de San Luis) | ||
| 035 | _aUPN01000234060 | ||
| 040 |
_aMX-MxUPN _bspa _cMX-MxUPN |
||
| 050 | 4 |
_aHC132.5 A2 _bE47 2017 |
|
| 245 | 0 | 0 |
_aEmpresarios, sociedad y cultura, siglos XVI a XVIII : _bde la Europa del Renacimiento al México nacional / _c María Cristina Torales Pacheco, coordinadora. |
| 250 | _aPrimera edición | ||
| 260 |
_aCiudad de México : _bUniversidad Iberoamericana |
||
| 260 |
_aSan Luis Potosí, S.L.P. : _bEl Colegio de San Luis, _c2017. |
||
| 300 |
_a156 páginas : _bilustraciones, 1 mapa |
||
| 650 | 2 |
_912849 _aEmpresarios _vBiografía _zMéxico |
|
| 650 | 4 |
_aLibros _xIndustria y comercio _zEuropa _xHistoria _945580 |
|
| 651 | 2 |
_98842 _aMéxico _xComercio _xHistoria |
|
| 651 | 0 |
_945577 _aMéxico _xComercio _xHistoria _zEuropa |
|
| 651 | 0 |
_945578 _aEuropa _xComercio _zMéxico |
|
| 700 | 1 |
_aTorales Pacheco, Ma. Cristina _q(María Cristina) _eeditora _945579 |
|
| 905 | _aLibro | ||
| 942 |
_n0 _2lcc _cLIBRO |
||
| 999 |
_c206155 _d206155 |
||